Países por maior produção de arroz - Statistics

Estatísticas Gerais
  • Esse quiz foi jogado 118 vezes
  • A pontuação média é 8 de 10
Estatísticas das Respostas
Produção Países % Correto
149 mi China
98%
10 mi Brasil
94%
132 mi India
91%
6,9 mi Estados Unidos
87%
33,5 mi Indonesia
83%
20 mi Tailandia
81%
27 mi Vietnam
72%
12,6 mi Filipinas
63%
9 mi Paquistao
56%
11,9 mi Myanmar
48%
Nenhum quiz correspondente encontrado
Distribuição das Pontuações
Porcentagem de Pessoas com Cada Pontuação
Percentil de Números Respondidos
Sua Pontuação Histórica
Você não jogou esse quiz